Do którego państwa pasuje ten opis - Statystyki

Ogólne statystyki
  • Ten quiz został rozwiązany 65 razy
  • Średni wynik to 6 z 10
Statystyki odpowiedzi
Opis Państwo % Poprawnych
Lider w produkcji kawy na świecie Brazylia
81%
Zwycięzca Mistrzostw Świata 2022 w piłce nożnej Argentyna
80%
Tylko dwa państwa w Ameryce Południowej nie graniczą z Brazylią. Są to Ekwador i ... Chile
73%
Stolicą tego państwa jest Lima Peru
73%
Kontroluje wyspy Galapagos Ekwador
54%
Ludzie często mylą się, wskazując za stolicę tego państwa miasto Medellin Kolumbia
51%
Gdy jesteś obywatelem tego państwa, masz także obywatelstwo holenderskie Surinam
46%
Inflacja w roku 2021 wynosiła tam 686% Wenezuela
46%
Ma dwie stolice Boliwia
39%
Flaga tego państwa jest dwustronna Paragwaj
31%
Nie znaleziono quizów pasujących do podanych kryteriów
Rozkład punktacji
Procent ludzi z każdym wynikiem
Percentyl według liczby udzielonych odpowiedzi
Twoja historia wyników
Nie rozwiązałeś tego quizu